Язык программирования C++: пер. с англ.

Bibliographische Detailangaben
1. Verfasser: Страуструп Б. Бьерн
Zusammenfassung:Книга написана Бьерном Страуструпом - автором языка программирования C++ - и является каноническим изложением возможностей этого языка. Помимо подробного описания собственно языка, на страницах книги вы найдете доказавшие свою эффективность подходы к решению разнообразных задач проектирования и программирования. Многочисленные примеры демонстрируют как хороший уровень стиль программирования на С-совместимом ядре C++, так и современный объектно-ориентированный подход к созданию программных продуктов. Книга адресована программистам, использующим в своей повседневной работе C++. Она также будет полезна преподавателям, студентам и всем, кто хочет ознакомиться с описанием языка «из первых рук».
Sprache:Russisch
Veröffentlicht: Москва, Бином, 2017
Ausgabe:Специальное изд.
Schlagworte:
Format: Buch
KOHA link:https://koha.lib.tpu.ru/cgi-bin/koha/opac-detail.pl?biblionumber=341224

MARC

LEADER 00000nam0a2200000 4500
001 341224
005 20231101033337.0
010 |a 9785798904259 
035 |a (RuTPU)RU\TPU\book\368724 
035 |a RU\TPU\book\348495 
090 |a 341224 
100 |a 20180706d2017 km y0rusy50 ca 
101 1 |a rus  |c eng 
102 |a RU 
105 |a a z 001zy 
200 1 |a Язык программирования C++  |e пер. с англ.  |f Б. Страуструп 
205 |a Специальное изд. 
210 |a Москва  |c Бином  |d 2017 
215 |a 1135 с.  |c ил. 
320 |a Предм. указ.: с. 1117-1135 
330 |a Книга написана Бьерном Страуструпом - автором языка программирования C++ - и является каноническим изложением возможностей этого языка. Помимо подробного описания собственно языка, на страницах книги вы найдете доказавшие свою эффективность подходы к решению разнообразных задач проектирования и программирования. Многочисленные примеры демонстрируют как хороший уровень стиль программирования на С-совместимом ядре C++, так и современный объектно-ориентированный подход к созданию программных продуктов. Книга адресована программистам, использующим в своей повседневной работе C++. Она также будет полезна преподавателям, студентам и всем, кто хочет ознакомиться с описанием языка «из первых рук». 
451 1 |0 (RuTPU)RU\TPU\book\10869  |y 5794000317  |t Язык программирования С++  |o пер. с англ.  |f Б. Страуструп  |e 3-е изд.  |c СПб.  |c М.  |n Невский Диалект  |n Бином  |d 1999  |p 991 с.  |a Страуструп, Бьерн 
606 1 |a C++  |x Язык программирования  |2 stltpush  |3 (RuTPU)RU\TPU\subj\53569 
610 1 |a языки программирования 
610 1 |a возможности 
610 1 |a описание 
610 1 |a использование 
610 1 |a проектирование 
610 1 |a программирование 
610 1 |a программные продукты 
610 1 |a создание 
610 1 |a объектно-ориентированный подход 
675 |a 004.438  |v 4 
700 1 |a Страуструп  |b Б.  |g Бьерн 
801 1 |a RU  |b 63413507  |c 20080703  |g PSBO 
801 2 |a RU  |b 63413507  |c 20181129  |g PSBO 
900 |a Программирование на языках высокого уровня 
900 |a Алгоритмические языки и программирование 
900 |a Технология программирования 
942 |c BK